00598nam a22001697a 450000500170000001000150001702000300003203500140006203700130007608200110008910000280010024501120012826000380024027000940027830000190037270000370039120210715125811.0 aENG-129557 a978-93/5230-154-6c225.00 aEN-113089 bDBAD/PUB a616.21 aV..Radha Krishna Murthy aPractical Manual On Agrometeorology /cby V. Radha Krishna Murthy,B. Jyothi Basu,S.Kiran Kumar,M.Sree Rekha aSultan BazarbBS Publishersc2019 a4-4-309/316,Giriraj Lane,Sultan BazarbHyderabade500095minfo@bsbbooks.netk040-23445688 a190pc24cm(PB) aV.Radha Krishna Murthy and other